[Event "German Bundesliga 2021-22"]
[Site "Germany"]
[Date "2022.04.10"]
[Round "4.6"]
[White "Braun, Arik"]
[Black "Froewis, Georg"]
[Result "1-0"]
[WhiteElo "2587"]
[BlackElo "2449"]
[Annotator "TA"]
[PlyCount "85"]
[EventDate "2022.03.05"]
[EventType "team-tourn"]
[EventCountry "GER"]
[SourceTitle "playchess.com"]
[Source "ChessBase"]
[SourceQuality "1"]
[TimeControl "40/5400+30:1800+30"]

{[%evp 23,85,13,8,0,14,0,0,0,14,0,0,0,0,0,85,-8,-8,-12,18,20,6,13,59,56,50,31,42,12,104,100,107,95,92,52,59,48,93,85,70,66,68,67,162,86,96,89,86,86,86,86,182,174,174,141,151,133,160,160,160,143,456,450,427,414]} 1. d4 {[%emt 0:00:00]} d5 {[%emt 0:00:00]} 2. c4 {[%emt 0:00:00]} e6 {[%emt 0:00:00]} 3. Nc3 {[%emt 0:00:00]} c6 {[%emt 0:00:00]} 4. e3 {[%emt 0:00:00]} Nf6 {[%emt 0:00:00]} 5. Nf3 {[%emt 0:00:00]} Nbd7 {[%emt 0:00:00]} 6. Qc2 {[%emt 0:00:00]} Bd6 {[%emt 0:00:00]} 7. b3 {[%emt 0:00:00]} O-O {[%emt 0:00:00]} 8. Be2 {[%emt 0:00:00]} b6 {[%emt 0:00:33]} 9. O-O {[%emt 0:00:37]} Bb7 {[%emt 0:00:05]} 10. Rd1 {[%emt 0:01:15]} Qe7 {[%emt 0:01:09]} 11. Bb2 {[%emt 0:15:19]} Rfe8 {[%emt 0:02:45] 11...Rfd8 is a critical line.} 12. Rac1 {[%emt 0:02:28]} Rac8 {[%emt 0:01:35]} 13. Qb1 {[%emt 0:03:38] D45: Semi-Slav: 5 e3.} c5 {[%emt 0:04:44]} 14. cxd5 {[%emt 0:08:03]} exd5 {[%emt 0:05:01]} 15. g3 {[%emt 0:00:39] The position is equal.} a6 {[%emt 0:01:47] [#]} 16. Nh4 $146 {[%emt 0:09:02]} ({Predecessor:} 16. a4 Nf8 17. Bf1 Ne6 18. Bg2 Red8 19. dxc5 bxc5 20. Nh4 Bb8 21. Nf5 Qf8 22. a5 {½-½ (46) Maiorov,N (2463)-Drygalov,A (2509) Cheliabinsk 2021}) 16... g6 {[%emt 0:01:31] Against Nf5} 17. dxc5 {[%emt 0:01:58]} Nxc5 {[%emt 0:05:57]} 18. Bf3 {[%emt 0:06:14][%cal Rf3d5]} Nce4 {[%emt 0:14:20] [#]} (18... Rcd8 $11) 19. Ne2 {[%emt 0:07:04]} (19. Nxd5 $1 $16 Bxd5 20. Rxc8 Rxc8 21. Bxf6 Nxf6 22. Bxd5) 19... Bc5 $11 {[%emt 0:11:55][%cal Oe4f2]} 20. Nd4 {[%emt 0:04:25]} Bb4 {[%emt 0:04:11]} (20... Nxf2 21. Kxf2 Qxe3+ 22. Kg2 $16) 21. Rxc8 {[%emt 0:04:32]} Rxc8 {[%emt 0:00:42]} 22. Rc1 {[%emt 0:00:36]} Nd2 {[%emt 0:02:07]} (22... Rc5 $11) 23. Rxc8+ $14 {[%emt 0:02:42]} Bxc8 {[%emt 0:00:06]} 24. Qc2 {[%emt 0:02:25]} Nxf3+ {[%emt 0:00:59]} 25. Ndxf3 {[%emt 0:04:39]} (25. Nhxf3 $5 {[%cal Rc2c8]} Qc5 26. Qd1 $11) 25... Bh3 {[%emt 0:01:04]} (25... Bb7 $1 $11 {keeps the balance.}) 26. Qc6 $16 {[%emt 0:08:10][%csl LRb6,LRf6]} Qe4 {[%emt 0:03:46][%cal Oe4d3] Hoping for ...Qd3!} 27. Qc1 $36 {[%emt 0:00:20][%mdl 2048] Threatens to win with Ng5. White is in control.} Qe7 {[%emt 0:01:31]} 28. a3 {[%emt 0:01:30]} Bd6 {[%emt 0:01:57]} 29. Qc3 $1 {[%emt 0:00:46]} Kg7 {[%emt 0:05:25] [#]} 30. b4 $1 {[%emt 0:00:52]} h6 {[%emt 0:01:32]} 31. Nd4 {[%emt 0:02:41][%cal Bf3d4,Bd4e2,Be2c1,Bc1d3,Bd3e5,Be5c6][%mdl 32]} Kh7 {[%emt 0:07:11]} 32. Ne2 {[%emt 0:02:46] Pair of Knights!} Kg7 {[%emt 0:02:39]} (32... g5 $14) 33. Qd4 {[%emt 0:01:35]} (33. Ng2 $18 {And now Ngf4 would win.} g5 34. f3) 33... g5 {[%emt 0:06:10]} 34. Nf3 {[%emt 0:00:14]} Kg6 {[%emt 0:00:43]} 35. Qxb6 {[%emt 0:01:52]} Qe4 {[%emt 0:00:06]} 36. Qd4 {[%emt 0:05:22] Chess con chili.} ({But not} 36. Qxd6 $2 Qb1+ 37. Nc1 (37. Bc1 Qc2 38. Bd2 Qd1+ 39. Be1 Qxe2) 37... Qxb2 $19) 36... Qb1+ {[%emt 0:08:23]} (36... Qxd4 $16 {was worth a try.} 37. Nfxd4 (37. Nexd4 Bd7 $16) 37... Bd7) 37. Nc1 $18 {[%emt 0:00:18]} Qf5 {[%emt 0:00:08]} 38. Nd2 {[%emt 0:02:14]} Be7 {[%emt 0:02:34]} 39. Nd3 {[%emt 0:00:59]} Ne4 {[%emt 0:03:19]} 40. Nxe4 {[%emt 0:01:58]} dxe4 {[%emt 0:00:08] [#]} 41. Ne5+ {[%emt 0:33:08]} Kh7 $2 {[%emt 0:30:50][%mdl 8192]} (41... Kg7 $16) 42. Nc6 {[%emt 0:00:00][%csl Gb2][%cal Rd4g7]} f6 {[%emt 0:00:00][%cal Of5f3] ( -> ...Qf3!)} 43. Qa7 {[%emt 0:00:00] Weighted Error Value: White=0.12 (very precise) /Black=0.38} (43. Nxe7 {is a self mate.} Qf3) 1-0

[Event "German Bundesliga 2021-22"]
[Site "Germany"]
[Date "2022.04.10"]
[Round "4.6"]
[White "Heinemann, Thies"]
[Black "Von Herman, Ulf"]
[Result "1-0"]
[WhiteElo "2495"]
[BlackElo "2349"]
[Annotator "TA"]
[PlyCount "75"]
[EventDate "2022.03.05"]
[EventType "team-tourn"]
[EventCountry "GER"]
[SourceTitle "playchess.com"]
[Source "ChessBase"]
[SourceQuality "1"]
[TimeControl "40/5400+30:1800+30"]

{[%evp 9,75,22,31,26,39,30,31,23,14,20,66,66,88,59,75,59,68,46,43,7,10,10,12,16,16,7,36,0,45,10,0,-29,25,20,26,33,29,11,9,10,10,5,14,9,45,0,14,13,0,0,79,87,95,88,145,144,162,162,177,125,125,131,182,172,179,179,197,191]} 1. e4 {[%emt 0:00:00]} e6 {[%emt 0:00:00]} 2. Qe2 {[%emt 0:00:00]} d5 {[%emt 0:00:00]} 3. exd5 {[%emt 0:00:00]} Qxd5 {[%emt 0:00:00]} 4. Nc3 {[%emt 0:00:00]} Qd8 {[%emt 0:00:00]} 5. g3 {[%emt 0:00:00]} Nc6 {[%emt 0:00:00]} 6. Nf3 {[%emt 0:00:00][%cal Od2d4] C00: French: Unusual White 2nd moves.} Nge7 {[%emt 0:00:01] [#]} 7. Bg2 $146 {[%emt 0:00:00][%cal Od2d4]} ({Predecessor:} 7. Bh3 Ng6 8. b3 Nb4 9. d4 Be7 10. Bb2 Nd5 11. O-O-O Nxc3 12. Bxc3 O-O 13. Bg2 {1-0 (56) Safranska,A (2153)-Leconte,M (2251) Saint Quentin 2015}) 7... Nf5 {[%emt 0:03:56] Prevents d4.} 8. b3 {[%emt 0:00:00] White is slightly better.} Be7 {[%emt 0:08:58]} 9. Bb2 {[%emt 0:01:01]} Bf6 {[%emt 0:03:54]} (9... O-O $11 {might be stronger.}) 10. O-O-O $14 {[%emt 0:01:29]} Bd7 {[%emt 0:12:01]} 11. g4 {[%emt 0:10:58]} Nfd4 {[%emt 0:00:54]} 12. Nxd4 {[%emt 0:00:42]} Bxd4 {[%emt 0:00:19]} 13. f4 {[%emt 0:01:51]} Qf6 {[%emt 0:12:45]} 14. Rdf1 {[%emt 0:13:44]} (14. Nd5 $5 Bxb2+ 15. Kb1 $14) 14... O-O-O {[%emt 0:02:31]} 15. h4 {[%emt 0:05:37]} Qe7 {[%emt 0:10:40]} 16. Kb1 {[%emt 0:10:00]} Kb8 {[%emt 0:11:08]} 17. Qc4 {[%emt 0:07:05]} Qb4 {[%emt 0:02:42]} 18. Qd3 {[%emt 0:07:14]} Ne7 {[%emt 0:04:15]} 19. a3 {[%emt 0:18:58]} (19. Nd5 $5 Nxd5 20. Qxd4 $11 (20. Bxd4 Bc6 $11)) 19... Qb6 {[%emt 0:00:46]} 20. Qc4 {[%emt 0:01:49][%cal Oc3d5]} Bc6 {[%emt 0:02:01]} ({Better is} 20... h5 21. Nd5 Nxd5 22. Qxd4 (22. Bxd4 Bb5 $15) 22... Qxd4 23. Bxd4 hxg4) 21. Bxc6 $1 $11 {[%emt 0:01:09]} Qxc6 {[%emt 0:00:08]} 22. Qxc6 {[%emt 0:03:10]} Nxc6 {[%emt 0:00:07]} 23. f5 {[%emt 0:00:45]} exf5 {[%emt 0:06:27]} 24. Rxf5 {[%emt 0:02:20]} f6 {[%emt 0:01:33]} 25. Ne4 {[%emt 0:01:10]} h6 {[%emt 0:01:35]} 26. d3 {[%emt 0:02:17]} b6 {[%emt 0:03:26]} 27. Rhf1 {[%emt 0:04:38]} (27. c3 $5 {[%cal Rc3d4]}) 27... Ne7 {[%emt 0:01:24] [#] Hoping for ...Bxb2.} 28. R5f3 {[%emt 0:00:46]} Bxb2 {[%emt 0:01:31]} 29. Kxb2 {[%emt 0:00:07]} h5 {[%emt 0:00:43]} (29... Rd4 $11) 30. g5 $16 {[%emt 0:04:13]} f5 {[%emt 0:00:46] [#]} 31. Ng3 {[%emt 0:01:18] &Bianco is more active.} Rd4 {[%emt 0:01:17]} (31... g6 $142) 32. Re1 $36 {[%emt 0:01:08][%mdl 2048] Black is under strong pressure.} f4 {[%emt 0:07:27]} 33. Ne2 {[%emt 0:01:01]} Rd7 {[%emt 0:00:25]} 34. Rxf4 {[%emt 0:00:48]} (34. Nxf4 $18 Kb7 35. Rff1) 34... Ng6 {[%emt 0:00:58]} 35. Re4 {[%emt 0:00:01]} Rf7 {[%emt 0:00:39] Inhibits Rf1.} (35... Rf8 $16 36. Ng3 Nf4 37. Re8+ Rxe8 38. Rxe8+ Kb7) 36. Nd4 $18 {[%emt 0:00:33]} Kb7 {[%emt 0:00:19]} 37. b4 {[%emt 0:00:57]} a6 {[%emt 0:01:04]} 38. a4 {[%emt 0:00:22] Weighted Error Value: White=0.11 (very precise) /Black=0.19 (very precise)} 1-0

[Event "German Bundesliga 2021-22"]
[Site "Germany"]
[Date "2022.04.10"]
[Round "4.6"]
[White "Zelbel, Patrick"]
[Black "Braeuer, Franz"]
[Result "1/2-1/2"]
[WhiteElo "2461"]
[BlackElo "2428"]
[Annotator "TA"]
[PlyCount "70"]
[EventDate "2022.03.05"]
[EventType "team-tourn"]
[EventCountry "GER"]
[SourceTitle "playchess.com"]
[Source "ChessBase"]
[SourceQuality "1"]
[TimeControl "40/5400+30:1800+30"]

{[%evp 16,70,11,0,18,20,13,19,44,33,41,29,43,-1,43,0,0,0,0,7,7,0,0,0,24,41,37,0,0,-5,0,-21,-17,-56,-58,-54,-53,-81,-75,-71,0,-149,-143,-144,-136,-135,-44,-50,-39,-42,0,-70,0,-52,0,-47,0]} 1. e4 {[%emt 0:00:00]} e5 {[%emt 0:00:00]} 2. Nf3 {[%emt 0:00:00]} Nc6 {[%emt 0:00:00]} 3. Bb5 {[%emt 0:00:00][%cal Bf1b5,Bb5a4,Ba4b3,Bb3a2][%mdl 32]} a6 {[%emt 0:00:00]} 4. Ba4 {[%emt 0:00:00]} Nf6 {[%emt 0:00:00]} 5. O-O {[%emt 0:00:00]} Be7 {[%emt 0:00:00]} 6. d3 {[%emt 0:00:00]} b5 {[%emt 0:00:00]} 7. Bb3 {[%emt 0:00:00]} O-O {[%emt 0:00:00]} 8. Nc3 {[%emt 0:00:00]} d6 {[%emt 0:00:00]} 9. a3 {[%emt 0:00:00]} h6 {[%emt 0:15:15] C77: Ruy Lopez: 3...a6 4 Ba4 Nf6, unusual lines.} 10. h3 {[%emt 0:04:07]} Na5 {[%emt 0:00:08]} 11. Ba2 {[%emt 0:00:22]} c5 {[%emt 0:01:10] The position is equal.} 12. Nd5 {[%emt 0:06:18]} Nc6 {[%emt 0:02:44]} 13. c3 Be6 {[%emt 0:00:30][%cal Oc5c4] [#]} 14. Nh4 $146 {[%emt 0:23:28]} ({Predecessor:} 14. Be3 Kh8 15. Qd2 Nh7 16. b4 cxb4 17. axb4 f5 18. Nb6 Bxa2 19. Nxa8 Be6 20. exf5 Bxf5 21. Rxa6 Qc8 22. Rfa1 Bxh3 {1-0 (29) Manukyan,S (2113)-Tsyhanchuk,S (2283) Chess.com INT 2021}) 14... Rc8 {[%emt 0:00:30]} 15. Nf5 {[%emt 0:00:30]} Bxf5 {[%emt 0:00:30]} 16. exf5 {[%emt 0:00:30]} Nxd5 {[%emt 0:00:30]} 17. Bxd5 {[%emt 0:00:30]} Bf6 {[%emt 0:00:30]} 18. f4 {[%emt 0:00:30]} Ne7 {[%emt 0:00:30][%csl LRd5,LRf5][%cal Bc6e7,Be7d5,Bd5f4][%mdl 32]} 19. Ba2 {[%emt 0:00:30]} ({Much worse is} 19. Bb7 Rb8 20. Bf3 (20. Bxa6 $2 Qb6 $19) 20... Nxf5 $15) 19... c4 {[%emt 0:00:30][%cal Bc5c4,Bc4d3,Bd3d2][%mdl 32]} 20. fxe5 {[%emt 0:00:30]} dxe5 {[%emt 0:00:30]} 21. Qg4 {[%emt 0:00:30][%cal Rd3c4]} h5 $1 {[%emt 0:53:51]} ({Don't do} 21... Qxd3 22. Bxh6 Qd7 23. Rad1 Qa7+ 24. Kh1 $14) 22. Qxh5 {[%emt 0:31:40]} cxd3 {[%emt 0:00:30] aiming for ...d2.} 23. Bd2 {[%emt 0:00:30] Black must now prevent g4.} Nd5 {[%emt 0:03:37]} 24. Rae1 {[%emt 0:07:30]} Nf4 $1 $36 {[%emt 0:11:01][%mdl 2048] Black has the initiative.} 25. Bxf4 {[%emt 0:10:46]} exf4 {[%emt 0:00:30]} 26. Rxf4 {[%emt 0:00:30]} d2 {[%emt 0:02:29]} 27. Rd1 {[%emt 0:00:04]} Qb6+ {[%emt 0:00:30]} (27... Qe7 $17) 28. Kh1 {[%emt 0:00:30]} (28. Rf2 $1 $11 {was the only way to keep the balance.}) 28... Qe3 {[%emt 0:00:30][%mdl 1024] Black has strong compensation.} 29. Rff1 {[%emt 0:00:30] [#]} Rcd8 $1 {[%emt 0:00:30]} 30. Bb3 {[%emt 0:00:30] [#]} Rd7 {[%emt 0:00:30]} (30... Qa7 $1 $17 31. Qf3 Rfe8) 31. Qf3 $1 $15 {[%emt 0:00:30]} Qe5 {[%emt 0:00:30]} 32. Qf4 {[%emt 0:00:30]} Qe2 {[%emt 0:00:30]} 33. Qf3 {[%emt 0:00:30]} ({White should play} 33. Rf2 $11 Qe1+ 34. Rf1) 33... Qe5 {[%emt 0:00:30]} 34. Qf4 $1 {[%emt 0:00:30]} Qe2 {[%emt 0:00:30]} 35. Qf3 {[%emt 0:00:30]} Qe5 {[%emt 0:00:30] Weighted Error Value: White=0.21 (precise) /Black=0.15 (very precise)} (35... Re8 $15) 1/2-1/2

[Event "German Bundesliga 2021-22"]
[Site "Germany"]
[Date "2022.04.10"]
[Round "4.7"]
[White "Radovanovic, Nikola"]
[Black "Wagner, Dennis"]
[Result "1/2-1/2"]
[WhiteElo "2423"]
[BlackElo "2584"]
[Annotator "TA"]
[PlyCount "37"]
[EventDate "2022.03.05"]
[EventType "team-tourn"]
[EventCountry "GER"]
[SourceTitle "playchess.com"]
[Source "ChessBase"]
[SourceQuality "1"]
[TimeControl "40/5400+30:1800+30"]

{[%evp 16,37,2,0,0,0,0,0,0,0,0,0,0,0,0,3,0,0,0,0,7,0,0,0]} 1. e4 {[%emt 0:00:00]} e5 {[%emt 0:00:00]} 2. Nf3 {[%emt 0:00:00]} Nc6 {[%emt 0:00:00]} 3. Nc3 {[%emt 0:00:00]} Nf6 {[%emt 0:00:00]} 4. Bb5 {[%emt 0:00:00]} Nd4 {[%emt 0:00:00]} 5. Nxd4 {[%emt 0:00:00]} exd4 {[%emt 0:00:00]} 6. e5 {[%emt 0:00:00]} dxc3 {[%emt 0:00:00]} 7. exf6 {[%emt 0:00:00]} Qxf6 {[%emt 0:00:00]} 8. dxc3 {[%emt 0:00:00]} Bc5 {[%emt 0:00:00]} 9. Qe2+ {[%emt 0:00:00] The position is equal.} Qe7 $1 {[%emt 0:03:54][%mdl 4] is more profitable than 9...Qe6 at the moment. C48: Four Knights: 4 Bb5, replies other than 4...Bb4.} 10. O-O {[%emt 0:00:00]} Qxe2 {[%emt 0:12:19]} 11. Bxe2 {[%emt 0:00:00]} d5 {[%emt 0:00:24]} 12. Re1 {[%emt 0:15:33]} Be6 {[%emt 0:15:19]} 13. Bd3 {[%emt 0:15:20]} O-O-O {[%emt 0:07:13] [#]} 14. Bf4 $146 {[%emt 0:12:05]} ({Predecessor:} 14. Bg5 Rd7 15. Be3 d4 16. cxd4 {½-½ (17) Reinhart,K (2463)-Barnsley,A (2566) ICCF email 2006}) 14... h6 {[%emt 0:21:00]} 15. Be5 {[%emt 0:01:36]} Rhg8 {[%emt 0:00:06]} 16. Bh7 {[%emt 0:00:44]} Rh8 {[%emt 0:00:07]} 17. Bd3 {[%emt 0:00:08]} Rhg8 {[%emt 0:00:05]} 18. Bh7 {[%emt 0:00:10]} Rh8 {[%emt 0:00:42]} 19. Bd3 {[%emt 0:00:07] A balanced but interesting game.  Weighted Error Value: White=0.01 (flawless) /Black=0.00 (flawless)} 1/2-1/2

[Event "German Bundesliga 2021-22"]
[Site "Germany"]
[Date "2022.04.10"]
[Round "4.7"]
[White "Costa, Leonardo"]
[Black "Buckels, Valentin"]
[Result "0-1"]
[WhiteElo "2324"]
[BlackElo "2450"]
[Annotator "TA"]
[PlyCount "60"]
[EventDate "2022.03.05"]
[EventType "team-tourn"]
[EventCountry "GER"]
[SourceTitle "playchess.com"]
[Source "ChessBase"]
[SourceQuality "1"]
[TimeControl "40/5400+30:1800+30"]

{[%evp 10,60,18,19,5,17,9,0,8,18,0,13,22,22,11,0,0,0,0,-31,-18,-7,31,0,40,42,113,106,129,127,127,83,191,210,202,0,0,-555,-521,-1341,-1484,-1399,-1481,-1477,-1470,-1446,-1402,-1439,-1381,-2800,-2575,-1845,-1087]} 1. e4 {[%emt 0:00:00]} c6 {[%emt 0:00:00]} 2. d4 {[%emt 0:00:00]} d5 {[%emt 0:00:00]} 3. e5 {[%emt 0:00:00]} Bf5 {[%emt 0:00:00]} 4. Nd2 {[%emt 0:00:00]} e6 {[%emt 0:00:00]} 5. Nb3 {[%emt 0:00:00]} Nd7 {[%emt 0:00:00]} 6. Nf3 {[%emt 0:00:00]} Qc7 {[%emt 0:00:00] B12: Caro-Kann: Advance Variation.} 7. Be2 {[%emt 0:00:00]} f6 {[%emt 0:00:00][%cal Rf6e5]} 8. Bf4 {[%emt 0:15:18]} O-O-O {[%emt 0:00:00] The position is equal.} 9. Bg3 {[%emt 0:04:11] And now exf6 would win.} fxe5 {[%emt 0:00:00]} 10. Nxe5 {[%emt 0:01:48]} Nxe5 {[%emt 0:00:00]} 11. Bxe5 {[%emt 0:05:06]} Bd6 {[%emt 0:00:00] [#]} 12. Bxd6 $146 {[%emt 0:02:13]} ({Predecessor:} 12. f4 Nf6 13. O-O Ne4 14. Bf3 b6 15. a4 c5 16. a5 c4 17. Nd2 Nxd2 18. Qxd2 Bxe5 19. fxe5 {1-0 (32) Ljukin,S (2368)-Baldauf,M (2503) Chess.com INT 2020}) 12... Qxd6 {[%emt 0:00:20]} 13. O-O {[%emt 0:00:16]} Nf6 {[%emt 0:11:53]} 14. Re1 {[%emt 0:00:30]} h5 {[%emt 0:00:30]} 15. Qd2 {[%emt 0:00:30]} Rde8 {[%emt 0:00:30]} 16. Rac1 {[%emt 0:00:30]} Be4 {[%emt 0:00:30]} 17. Nc5 {[%emt 0:00:30]} Ng4 {[%emt 0:00:30] [#]} ({Black should play} 17... Re7 $14) 18. g3 $1 $16 {[%emt 0:00:30]} Bf5 {[%emt 0:00:30]} 19. Qa5 {[%emt 0:00:30]} Qb8 {[%emt 0:00:30][%cal Og4h2]} 20. c4 {[%emt 0:00:30]} Nxf2 {[%emt 0:00:30]} 21. Kxf2 $18 {[%emt 0:00:30]} h4 {[%emt 0:00:30][%cal Bh5h4,Bh4g3,Bg3g2][%mdl 32] [#] Hoping for ...hxg3+.} 22. Rh1 $2 {[%emt 0:00:30]} (22. Rg1 $1 $18) 22... Ref8 $11 {[%emt 0:00:30]} 23. Ke1 $2 {[%emt 0:00:30][%mdl 8192]} (23. Rhg1 $11 hxg3+ 24. hxg3) 23... hxg3 $19 {[%emt 0:00:30] Black is clearly winning.} 24. cxd5 {[%emt 0:00:30]} g2 {[%emt 0:00:30][%mdl 64] Deflection} 25. Rg1 {[%emt 0:00:30]} Qxh2 {[%emt 0:00:30]} 26. Kd2 {[%emt 0:00:30]} Qf4+ {[%emt 0:00:30]} 27. Kc3 {[%emt 0:00:30]} Rh3+ {[%emt 0:00:30]} 28. Bd3 {[%emt 0:00:30]} Bxd3 {[%emt 0:00:30]} ({Stronger than} 28... e5 29. Kb4 Qxd4+ 30. Ka3 Bxd3 31. Rc3 $19) 29. Nxd3 {[%emt 0:00:30]} Qe4 {[%emt 0:00:30]} 30. Rcd1 {[%emt 0:00:30]} Rff3 {[%emt 0:00:30] Weighted Error Value: White=0.93/Black=0.12 (very precise)} 0-1

[Event "German Bundesliga 2021-22"]
[Site "Germany"]
[Date "2022.04.10"]
[Round "4.7"]
[White "Rietze, Clemens"]
[Black "Sebastian, Dirk"]
[Result "1/2-1/2"]
[WhiteElo "2279"]
[BlackElo "2445"]
[Annotator "NA RC"]
[PlyCount "39"]
[EventDate "2022.03.05"]
[EventType "team-tourn"]
[EventCountry "GER"]
[SourceTitle "playchess.com"]
[Source "ChessBase"]
[SourceQuality "1"]
[TimeControl "40/5400+30:1800+30"]

1. d4 {[%emt 0:00:00]} Nf6 {[%emt 0:00:00]} 2. c4 {[%emt 0:00:00]} c5 {[%emt 0:00:00]} 3. d5 {[%emt 0:00:00]} b5 {[%emt 0:00:00]} 4. cxb5 {[%emt 0:00:00]} a6 {[%emt 0:00:00]} 5. bxa6 {[%emt 0:00:00]} g6 {[%emt 0:00:00]} 6. Nc3 {[%emt 0:00:00]} Bg7 {[%emt 0:00:00]} 7. e4 {[%emt 0:00:00]} O-O {[%emt 0:00:00]} 8. Nf3 {[%emt 0:00:00]} Qa5 {[%emt 0:00:00]} 9. Bd2 {[%emt 0:00:00]} Bxa6 {[%emt 0:00:00]} 10. Be2 {[%emt 0:00:00]} d6 {[%emt 0:00:00]} 11. O-O {[%emt 0:00:00]} Bxe2 {[%emt 0:00:00]} 12. Qxe2 {[%emt 0:00:00]} Qa6 {[%emt 0:00:00]} 13. Qd1 {[%emt 0:00:00]} Nbd7 {[%emt 0:08:22]} 14. Qc2 {[%emt 0:00:00]} Rfb8 {[%emt 0:01:18]} 15. a4 {[%emt 0:00:00]} Rb4 {[%emt 0:00:41]} 16. Nb5 {[%emt 0:19:15]} Rxa4 {[%emt 0:11:52]} 17. Nc7 {[%emt 0:03:58]} Qa7 {[%emt 0:01:26]} 18. Nb5 {[%emt 0:00:59]} Qa6 {[%emt 0:00:24]} 19. Nc7 {[%emt 0:00:12]} Qa7 {[%emt 0:00:36]} 20. Nb5 {[%emt 0:00:09]} 1/2-1/2

[Event "German Bundesliga 2021-22"]
[Site "Germany"]
[Date "2022.04.10"]
[Round "4.7"]
[White "Meessen, Rudolf"]
[Black "Krasenkow, Michal"]
[Result "1/2-1/2"]
[WhiteElo "2239"]
[BlackElo "2576"]
[Annotator "TA"]
[PlyCount "85"]
[EventDate "2022.03.05"]
[EventType "team-tourn"]
[EventCountry "GER"]
[SourceTitle "playchess.com"]
[Source "ChessBase"]
[SourceQuality "1"]
[TimeControl "40/5400+30:1800+30"]

{[%evp 9,84,0,0,-7,0,0,11,-7,0,-5,0,0,0,-45,-19,-34,-29,-37,0,-26,17,0,-1,0,65,69,97,26,33,26,31,12,52,12,18,0,-7,-34,0,0,0,0,0,0,0,0,57,57,47,56,125,125,163,155,101,63,66,48,896,882,1066,1066,880,0,0,0,0,0,0,0,0,0,0,0,0,0,0]} 1. d4 {[%emt 0:00:00]} d5 {[%emt 0:00:00]} 2. Nc3 {[%emt 0:00:00]} Nf6 {[%emt 0:00:00]} 3. Bf4 {[%emt 0:00:00]} e6 {[%emt 0:00:00]} 4. Nb5 {[%emt 0:00:00]} Na6 {[%emt 0:00:00]} 5. e3 {[%emt 0:00:00]} c6 {[%emt 0:00:00]} 6. Nc3 {[%emt 0:00:00] D00: 1 d4 d5: Unusual lines.} c5 {[%emt 0:00:00]} 7. Nf3 {[%emt 0:01:49] [#]} c4 $146 {[%emt 0:00:00]} ({Predecessor:} 7... Nc7 8. Be2 Bd6 9. O-O O-O 10. Ne5 cxd4 11. exd4 Qe7 12. a3 Bd7 13. Bf3 Rfc8 {1-0 (59) Muminova,N (2274)-Amanov,Z (2338) Chess.com INT 2020}) 8. Ne2 {[%emt 0:21:20]} Be7 {[%emt 0:01:18]} 9. c3 {[%emt 0:01:26]} O-O {[%emt 0:01:20]} 10. Ng3 {[%emt 0:04:44]} b5 {[%emt 0:02:16]} 11. a3 {[%emt 0:03:32]} Nc7 {[%emt 0:01:32]} 12. Be2 {[%emt 0:06:38]} Bb7 {[%emt 0:03:01]} 13. Qc2 {[%emt 0:03:27]} Ne4 {[%emt 0:06:09]} 14. h4 {[%emt 0:05:24]} f5 {[%emt 0:01:17]} 15. h5 {[%emt 0:04:00]} a5 {[%emt 0:03:14]} 16. Ne5 {[%emt 0:01:45]} b4 {[%emt 0:06:09]} (16... Nd6 $11) 17. Nxe4 $14 {[%emt 0:02:01] [#] Nc5 is the strong threat.} fxe4 {[%emt 0:00:20]} 18. a4 {[%emt 0:09:08] &Bianco is more active.} (18. axb4 $16 axb4 19. O-O) 18... b3 {[%emt 0:07:16]} 19. Qd1 {[%emt 0:00:36]} Ne8 {[%emt 0:01:07]} 20. Bg4 {[%emt 0:01:01]} Ra6 {[%emt 0:00:48]} 21. Kd2 {[%emt 0:01:43]} Nf6 {[%emt 0:03:04]} 22. h6 {[%emt 0:03:10]} g6 {[%emt 0:01:06]} 23. Rh3 {[%emt 0:02:24]} Nd7 {[%emt 0:07:19] Strongly threatening ...Nxe5.} 24. f3 {[%emt 0:02:27]} Nxe5 {[%emt 0:01:57]} 25. Bxe5 {[%emt 0:00:09]} Bf6 {[%emt 0:01:38]} 26. Bxf6 {[%emt 0:00:19]} Qxf6 {[%emt 0:00:16]} 27. f4 {[%emt 0:04:21] Against e5} g5 {[%emt 0:03:55]} ({Black should play} 27... Bc6 $11) 28. g3 {[%emt 0:00:05][%cal Bg2g3,Bg3f4][%mdl 32]} Kh8 {[%emt 0:01:09]} 29. Qh1 {[%emt 0:07:04]} Bc6 {[%emt 0:09:30] [#]} ({Better is} 29... Raa8 $14) 30. Rh5 $1 $16 {[%emt 0:00:28]} gxf4 {[%emt 0:03:17]} 31. gxf4 {[%emt 0:00:02]} Rg8 {[%emt 0:00:54]} (31... Be8 $142) 32. Qh3 {[%emt 0:01:43]} Bd7 {[%emt 0:03:04]} 33. Rg5 {[%emt 0:08:41] Black must now prevent Rxg8+.} Rxg5 {[%emt 0:00:49][%mdl 8192]} (33... Raa8 $14) 34. fxg5 $18 {[%emt 0:00:06]} Qxg5 {[%emt 0:00:10]} 35. Rf1 {[%emt 0:00:04][%cal Oh3h4]} Ra8 {[%emt 0:01:36]} 36. Bxe6 $2 {[%emt 0:01:19]} ({White has to play} 36. Rf7 $18 Bc6 37. Bxe6) 36... Bxe6 $11 {[%emt 0:18:46] The position is equal.} (36... Bxa4 {is a self mate.} 37. Qh2) 37. Qxe6 $18 {[%emt 0:00:16][%mdl 4096] Endgame KQR-KQR} Qg2+ {[%emt 0:00:24]} 38. Ke1 {[%emt 0:00:09] The board is on fire.} Qxf1+ $1 {[%emt 0:00:10]} 39. Kxf1 {[%emt 0:00:07] Intending Qf6+ and mate.} Rf8+ {[%emt 0:00:03]} 40. Kg2 {[%emt 0:02:27]} Rg8+ $1 {[%emt 0:00:06]} 41. Kf2 {[%emt 0:00:00] White threatens Qe5+ and mate.} Rg2+ $1 {[%emt 0:00:00]} 42. Kf1 {[%emt 0:00:00] Threatening mate with Qe5+.} Rg1+ {[%emt 0:00:00]} 43. Kxg1 {Weighted Error Value: White=0.31/Black=0.16 (very precise)} 1/2-1/2